[Event "2022 Perth Chess Club Championship"]
[Site "Woodvale, Perth WA AUS"]
[Date "2022.04.20"]
[Round "2"]
[White "Powell, Darren"]
[Black "Gibson, Jacob"]
[Result "0-1"]
[WhiteElo "1210"]
[BlackElo "1620"]
[PlyCount "68"]
[EventDate "2022.04.13"]
[EventType "swiss"]
[EventRounds "7"]
[EventCountry "AUS"]

1. e4 c5 2. Nc3 e6 3. Nf3 Nc6 4. d4 cxd4 5. Nxd4 Nf6 6. Nxc6 bxc6 7. Bg5 Be7 8.
Bd3 Qb6 9. Rb1 Ba6 10. O-O Bxd3 11. Qxd3 Qc7 12. Bxf6 Bxf6 13. Rfe1 O-O 14. Re3
d5 15. exd5 cxd5 16. Rh3 g6 17. Qd2 Bg7 18. Ne2 Rfc8 19. c3 Qc4 20. b3 Qe4 21.
Re1 Qf5 22. Rf3 Qe5 23. Ng3 Qc7 24. Rc1 Qa5 25. h4 d4 26. Ne2 dxc3 27. Nxc3 Rd8
28. Qf4 Rd7 29. Ne4 f5 30. Ng5 Rad8 31. g3 Rd1+ 32. Rxd1 Rxd1+ 33. Kh2 Qe1 34.
g4 Qh1+ 0-1

[Event "2022 Perth Chess Club Championship"]
[Site "Woodvale, Perth WA AUS"]
[Date "2022.04.20"]
[Round "2"]
[White "Markou, Victor"]
[Black "Hintz, Steven"]
[Result "0-1"]
[WhiteElo "1108"]
[BlackElo "1558"]
[PlyCount "32"]
[EventDate "2022.04.13"]
[EventType "swiss"]
[EventRounds "7"]
[EventCountry "AUS"]

1. e4 e5 2. Nf3 Nc6 3. c3 d5 4. exd5 Qxd5 5. g3 Be6 6. Bg2 Qd7 7. O-O O-O-O 8.
Ng5 Bd5 9. Re1 Bxg2 10. Kxg2 f5 11. Qb3 Nh6 12. Ne6 Re8 13. Nxf8 Rhxf8 14. Qd1
f4 15. Qc2 f3+ 16. Kg1 Qh3 0-1

[Event "2022 Perth Chess Club Championship"]
[Site "Woodvale, Perth WA AUS"]
[Date "2022.04.20"]
[Round "2"]
[White "Howard, Mark"]
[Black "Lanham, Bruce"]
[Result "1-0"]
[WhiteElo "1473"]
[BlackElo "1220"]
[PlyCount "79"]
[EventDate "2022.04.13"]
[EventType "swiss"]
[EventRounds "7"]
[EventCountry "AUS"]

1. e4 c6 2. c4 d5 3. cxd5 cxd5 4. Bb5+ Nc6 5. Bxc6+ bxc6 6. e5 Bf5 7. Nf3 e6 8.
d4 c5 9. Qa4+ Qd7 10. Qxd7+ Kxd7 11. dxc5 Bxc5 12. Nc3 Ne7 13. O-O Rhc8 14. Bg5
h6 15. Bxe7 Kxe7 16. Rac1 Rab8 17. Nh4 Bh7 18. Na4 Bb4 19. Rxc8 Rxc8 20. a3 Ba5
21. b4 Bd8 22. Nc5 a5 23. Nf3 axb4 24. axb4 Rb8 25. Nd4 Ke8 26. Nc6 Rb6 27.
Nxd8 Kxd8 28. Ra1 Rxb4 29. Ra8+ Kc7 30. Na6+ Kb7 31. Nxb4 Kxa8 32. Nc6 Bf5 33.
f4 Be4 34. g3 f5 35. Kf2 Bd3 36. Nd8 Kb8 37. Nxe6 Kb7 38. Nc5+ Kc6 39. Nxd3 d4
40. h3 1-0

[Event "2022 Perth Chess Club Championship"]
[Site "Woodvale, Perth WA AUS"]
[Date "2022.04.20"]
[Round "2"]
[White "Rennie, Mike"]
[Black "Leech, Martin"]
[Result "0-1"]
[WhiteElo "818"]
[BlackElo "1430"]
[PlyCount "50"]
[EventDate "2022.04.13"]
[EventType "swiss"]
[EventRounds "7"]
[EventCountry "AUS"]

1. e4 e6 2. Nf3 d5 3. Bb5+ c6 4. Ba4 Nf6 5. Ne5 Nxe4 6. Qf3 Nf6 7. O-O Bd6 8.
d4 Nbd7 9. Bf4 O-O 10. c3 Bxe5 11. dxe5 Ne4 12. Bc2 f6 13. Qg4 fxe5 14. Bh6 Qf6
15. Bxg7 Qxg7 16. Qxe6+ Kh8 17. f3 Ndc5 18. fxe4 Bxe6 19. Rxf8+ Rxf8 20. g3 Bh3
21. Nd2 Nxe4 22. Bxe4 dxe4 23. Re1 Qf7 24. Re2 Qf1+ 25. Nxf1 Rxf1# 0-1

[Event "2022 Perth Chess Club Championship"]
[Site "Woodvale, Perth WA AUS"]
[Date "2022.04.20"]
[Round "2"]
[White "Walker, Colin"]
[Black "Young, Manfred"]
[Result "0-1"]
[WhiteElo "1425"]
[BlackElo "1127"]
[PlyCount "69"]
[EventDate "2022.04.13"]
[EventType "swiss"]
[EventRounds "7"]
[EventCountry "AUS"]

1. d4 Nf6 2. c4 e6 3. a3 c5 4. dxc5 Bxc5 5. Nc3 O-O 6. Nf3 Ng4 7. e3 a6 8. h3
Nf6 9. Be2 d5 10. O-O Nc6 11. cxd5 exd5 12. b4 Ba7 13. b5 axb5 14. Nxb5 Bc5 15.
a4 Ne4 16. Ba3 Bxa3 17. Rxa3 Be6 18. Nfd4 Nxd4 19. Qxd4 Qg5 20. Kh2 f5 21. Qe5
Rae8 22. Qf4 Qf6 23. Nd4 g5 24. Qc7 Re7 25. Qc1 Qe5+ 26. g3 Qg7 27. Bf3 Kh8 28.
Bxe4 dxe4 29. Qa1 Kg8 30. Nxe6 Qxa1 31. Rfxa1 Rxe6 32. Rb1 Re7 33. Rb4 f4 34.
gxf4 gxf4 35. exf4 0-1

[Event "2022 Perth Chess Club Championship"]
[Site "Woodvale, Perth WA AUS"]
[Date "2022.04.20"]
[Round "2"]
[White "Hounsome, David"]
[Black "Frankland, David"]
[Result "1-0"]
[WhiteElo "1378"]
[BlackElo "1003"]
[PlyCount "45"]
[EventDate "2022.04.13"]
[EventType "swiss"]
[EventRounds "7"]
[EventCountry "AUS"]

1. b3 e5 2. Bb2 f6 3. e3 g6 4. d4 e4 5. Nd2 d5 6. c4 Be6 7. Be2 Bb4 8. f3 Bxd2+
9. Qxd2 f5 10. Nh3 Qh4+ 11. Nf2 Ne7 12. g3 Qh6 13. O-O O-O 14. fxe4 fxe4 15.
Bg4 Nf5 16. Bxf5 gxf5 17. Rac1 dxc4 18. bxc4 Na6 19. d5 Rad8 20. Qc3 Bd7 21.
Ba3 Rf7 22. Bb2 c5 23. Qh8# 1-0

[Event "2022 Perth Chess Club Championship"]
[Site "Woodvale, Perth WA AUS"]
[Date "2022.04.20"]
[Round "2"]
[White "Brooke, John"]
[Black "Gough, Sebastian"]
[Result "1-0"]
[WhiteElo "1291"]
[BlackElo "668"]
[PlyCount "63"]
[EventDate "2022.04.13"]
[EventType "swiss"]
[EventRounds "7"]
[EventCountry "AUS"]

1. c4 c5 2. Nc3 Nc6 3. e4 d6 4. Bd3 Nf6 5. b3 g6 6. Bb2 Bg7 7. Rc1 O-O 8. Nge2
Nb4 9. Bb1 Be6 10. d4 Nc6 11. d5 Bxd5 12. cxd5 Ne5 13. O-O c4 14. b4 Qb6 15. a3
a5 16. Na4 Qc7 17. Bxe5 dxe5 18. b5 Qd6 19. Rc3 Rac8 20. Nb2 Nxe4 21. Bxe4 Rc5
22. a4 Rfc8 23. Qd2 f5 24. Bb1 e4 25. Nxc4 Qc7 26. Rc2 Rxc4 27. Rxc4 Qxc4 28.
Rc1 Bc3 29. Rxc3 Qxc3 30. Nxc3 Rc4 31. d6 exd6 32. Qd5+ 1-0

[Event "2022 Perth Chess Club Championship"]
[Site "Woodvale, Perth WA AUS"]
[Date "2022.04.20"]
[Round "2"]
[White "Overste, Brian"]
[Black "Davis, Geoff"]
[Result "0-1"]
[WhiteElo "907"]
[BlackElo "1453"]
[PlyCount "86"]
[EventDate "2022.04.13"]
[EventType "swiss"]
[EventRounds "7"]
[EventCountry "AUS"]

1. e4 c5 2. c4 Nc6 3. Nf3 d6 4. h3 e5 5. Nc3 Nf6 6. g4 h6 7. d3 Be6 8. Qa4 Be7
9. Bd2 Nd7 10. Nd5 O-O 11. a3 a6 12. O-O-O Bxd5 13. exd5 Nd4 14. Nxd4 cxd4 15.
f4 Nc5 16. Qc2 b5 17. b4 Na4 18. h4 Bxh4 19. g5 hxg5 20. fxg5 Bxg5 21. Rg1
Bxd2+ 22. Qxd2 Qf6 23. Bh3 Qf4 24. Rg4 Qxd2+ 25. Rxd2 bxc4 26. Rdg2 g6 27. dxc4
Kg7 28. Re4 Rh8 29. Rg3 Nb6 30. c5 dxc5 31. bxc5 Nxd5 32. Rxe5 Nc3 33. Kc2 Rhe8
34. Bg2 Rxe5 35. Bxa8 Rxc5 36. Kd3 Nb5 37. Ke4 f5+ 38. Kf4 Rc3 39. Rg5 Kf6 40.
Bc6 Rxc6 41. Rg3 Rc3 42. Rg2 Rxa3 43. Rb2 g5# 0-1

[Event "2022 Perth Chess Club Championship"]
[Site "Woodvale, Perth WA AUS"]
[Date "2022.04.27"]
[Round "3"]
[White "Davoll, Josh"]
[Black "Maggs, Derwent"]
[Result "0-1"]
[WhiteElo "1847"]
[BlackElo "2292"]
[PlyCount "100"]
[EventDate "2022.04.13"]
[EventType "swiss"]
[EventRounds "7"]
[EventCountry "AUS"]

1. e4 c5 2. Nf3 d6 3. Bb5+ Bd7 4. Bxd7+ Nxd7 5. O-O Rc8 6. c3 g6 7. d4 Bg7 8.
Re1 Qc7 9. Bf4 e5 10. dxe5 dxe5 11. Bg3 Ne7 12. a4 O-O 13. Na3 a6 14. Nc4 Rcd8
15. Qb3 Kh8 16. Rad1 Nc8 17. a5 f6 18. Rd3 Nb8 19. Red1 Nc6 20. Rd5 N6e7 21.
Ncxe5 fxe5 22. Nxe5 Nxd5 23. Nxg6+ hxg6 24. Bxc7 Nxc7 25. Re1 Nd6 26. e5 Rde8
27. Qc2 Re6 28. g3 Bxe5 29. Kg2 Kg7 30. Qd2 Nf7 31. Qd7 Rd8 32. Qa4 Rd2 33. Qc4
Rf6 34. Re2 Rxe2 35. Qxe2 Ne6 36. Qe4 Ned8 37. Qc4 Rc6 38. h4 Bc7 39. h5 gxh5
40. Qa4 Rg6 41. Qd7 Bxa5 42. b4 cxb4 43. cxb4 Bb6 44. Kf1 Rf6 45. f4 Rg6 46. f5
Rxg3 47. Qe7 Rf3+ 48. Kg2 Rxf5 49. Kh3 Rg5 50. b5 Rxb5 0-1

[Event "2022 Perth Chess Club Championship"]
[Site "Woodvale, Perth WA AUS"]
[Date "2022.04.27"]
[Round "3"]
[White "Maris, Rob"]
[Black "Barry, David"]
[Result "1/2-1/2"]
[WhiteElo "2093"]
[BlackElo "1820"]
[PlyCount "77"]
[EventDate "2022.04.13"]
[EventType "swiss"]
[EventRounds "7"]
[EventCountry "AUS"]

1. c4 Nf6 2. Nf3 e6 3. g3 a6 4. Bg2 b5 5. cxb5 axb5 6. Nd4 c6 7. Nxb5 cxb5 8.
Bxa8 d5 9. Qc2 Bd7 10. a4 Qa5 11. Bb7 Be7 12. Bc8 Bc6 13. axb5 Qxb5 14. Nc3 Qc5
15. b4 Qc4 16. d3 Qd4 17. e3 Qxb4 18. O-O O-O 19. Ba3 Qg4 20. f3 Qg5 21. f4 Qg6
22. Bxe7 Rxc8 23. Qd2 d4 24. exd4 Nd5 25. Nxd5 Bxd5 26. Bd6 h5 27. Rac1 Rxc1
28. Rxc1 Nc6 29. Bc5 h4 30. Qe3 Qg4 31. Re1 Bf3 32. Rf1 Bd5 33. Rf2 Qd1+ 34.
Rf1 Qg4 35. Rf2 Qd1+ 36. Rf1 Qg4 37. Re1 Bf3 38. Qf2 Bd5 39. Ra1 1/2-1/2

[Event "2022 Perth Chess Club Championship"]
[Site "Woodvale, Perth WA AUS"]
[Date "2022.04.27"]
[Round "3"]
[White "Janceski, Alex"]
[Black "Saxon, Marc"]
[Result "1/2-1/2"]
[WhiteElo "1845"]
[BlackElo "1980"]
[PlyCount "110"]
[EventDate "2022.04.13"]
[EventType "swiss"]
[EventRounds "7"]
[EventCountry "AUS"]

1. d4 Nf6 2. c4 g6 3. Nc3 d5 4. e3 Bg7 5. h3 O-O 6. Nf3 h6 7. Bd3 dxc4 8. Bxc4
c5 9. d5 Nbd7 10. e4 Ne8 11. O-O Nd6 12. Bd3 c4 13. Bc2 b5 14. Nd4 a6 15. Nc6
Qe8 16. a3 Bb7 17. Bf4 Nc5 18. Nd4 Rd8 19. Nf3 Kh7 20. Re1 Bc8 21. Qe2 a5 22.
Be3 b4 23. axb4 axb4 24. Bxc5 bxc3 25. b4 cxb3 26. Bxb3 f5 27. e5 Ne4 28. Bd4
Bb7 29. Bb6 Bxd5 30. Bxd8 Bxb3 31. Ba5 Qf7 32. Qd3 Qd5 33. Qxd5 Bxd5 34. Rac1
Rc8 35. Re3 Kg8 36. Bxc3 Nxc3 37. Rexc3 Rxc3 38. Rxc3 Bxf3 39. gxf3 Bxe5 40.
Rb3 Kf7 41. Kf1 Bf6 42. Ke2 Kg7 43. f4 Kf7 44. Rb6 Kg7 45. Ra6 Kf7 46. Kf3 Kg7
47. Ke3 Kf7 48. Kd3 Kg7 49. Kc4 Bh4 50. Ra2 Kf7 51. Kd5 Bf6 52. f3 Bh4 53. Kc6
Bf6 54. Kd7 Bh4 55. Ra6 Bf6 1/2-1/2

[Event "2022 Perth Chess Club Championship"]
[Site "Woodvale, Perth WA AUS"]
[Date "2022.04.27"]
[Round "3"]
[White "Stortz, Robert"]
[Black "Garang, Kuol Awan"]
[Result "0-1"]
[WhiteElo "1904"]
[BlackElo "1594"]
[PlyCount "144"]
[EventDate "2022.04.13"]
[EventType "swiss"]
[EventRounds "7"]
[EventCountry "AUS"]

1. d4 d5 2. Bf4 c6 3. e3 Bf5 4. Nf3 Nf6 5. c3 h6 6. Be2 e6 7. Nbd2 Bd6 8. Ne5
a6 9. h3 Qe7 10. Bh2 Nbd7 11. O-O O-O 12. c4 Ne4 13. Nxd7 Bxh2+ 14. Kxh2 Qxd7
15. c5 Rab8 16. Nxe4 Bxe4 17. Bd3 Qc7+ 18. Kg1 Bg6 19. f4 b5 20. cxb6 Rxb6 21.
Bxg6 fxg6 22. Qc2 Kh7 23. Rac1 Rc8 24. Qd2 Rb5 25. Rc2 Qb6 26. Rfc1 c5 27. b3
Rc6 28. Rc3 h5 29. Qc2 Qa5 30. Rxc5 Rbxc5 31. dxc5 Qb4 32. Qc3 a5 33. Qxb4 axb4
34. Kf2 Kh6 35. h4 Kh7 36. Kf3 Kg8 37. e4 Kf7 38. e5 Ke7 39. Ke3 Kd7 40. Kd4
Ra6 41. Rc2 Kc6 42. Kd3 Ra5 43. Kd4 Rb5 44. Rc1 Ra5 45. Rc2 Ra7 46. g4 Rf7 47.
Ke3 d4+ 48. Ke4 hxg4 49. Rg2 d3 50. Kxd3 Rxf4 51. Ke3 g5 52. hxg5 Rf3+ 53. Ke4
Kxc5 54. Rxg4 Rf2 55. Kd3 Rxa2 56. Rc4+ Kd5 57. Rxb4 Kxe5 58. Rb5+ Kf4 59. b4
e5 60. Rc5 e4+ 61. Kd4 Rd2+ 62. Kc3 e3 63. Rc8 Rd5 64. Rf8+ Kxg5 65. Rf3 Re5
66. Rf1 e2 67. Re1 Kf4 68. Kd2 Kf3 69. Rh1 Kg2 70. Rb1 Kf2 71. Rh1 e1=Q+ 72.
Rxe1 Rxe1 0-1

[Event "2022 Perth Chess Club Championship"]
[Site "Woodvale, Perth WA AUS"]
[Date "2022.04.27"]
[Round "3"]
[White "List, Ross"]
[Black "De Vas, Yonal"]
[Result "1/2-1/2"]
[WhiteElo "1826"]
[BlackElo "1477"]
[PlyCount "84"]
[EventDate "2022.04.13"]
[EventType "swiss"]
[EventRounds "7"]
[EventCountry "AUS"]

1. d4 d5 2. c4 e6 3. Nc3 Nf6 4. cxd5 exd5 5. Bg5 Nbd7 6. e3 c6 7. Bd3 Qa5 8.
Nge2 Bb4 9. O-O O-O 10. Qc2 c5 11. dxc5 Qxc5 12. Nd4 Ne4 13. Bxe4 dxe4 14. Nxe4
Qd5 15. Bf4 Nb6 16. a3 Be7 17. h3 Bf5 18. Nxf5 Qxf5 19. Rac1 Rac8 20. Qb1 Nd5
21. Bg3 Qg6 22. Rfd1 Rxc1 23. Rxc1 Re8 24. Qc2 h6 25. Nd2 Qg5 26. Qc4 Nxe3 27.
Qf4 Nd5 28. Qxg5 Bxg5 29. Rd1 Nf4 30. Kf1 Rd8 31. Bxf4 Bxf4 32. Ke2 b5 33. Nf3
Rxd1 34. Kxd1 Kf8 35. Nd4 a6 36. b3 Bd6 37. Nc2 a5 38. a4 bxa4 39. bxa4 Ke7 40.
Ke2 Ke6 41. Kd3 Bc5 42. Ne3 Kd7 1/2-1/2

[Event "2022 Perth Chess Club Championship"]
[Site "Woodvale, Perth WA AUS"]
[Date "2022.04.27"]
[Round "3"]
[White "Davis, Geoff"]
[Black "Plaganyi, Gyula"]
[Result "0-1"]
[WhiteElo "1453"]
[BlackElo "1843"]
[BlackTitle "CM"]
[PlyCount "138"]
[EventDate "2022.04.13"]
[EventType "swiss"]
[EventRounds "7"]
[EventCountry "AUS"]

1. d4 Nf6 2. c4 e6 3. e3 Bb4+ 4. Bd2 Qe7 5. a3 Bxd2+ 6. Nxd2 b6 7. Ngf3 Bb7 8.
Bd3 d6 9. O-O Nbd7 10. e4 e5 11. Re1 O-O 12. b4 a5 13. b5 Rae8 14. Qc2 exd4 15.
Nxd4 Nc5 16. f3 g6 17. g3 Qe5 18. Ne2 Nfd7 19. Kg2 Qg7 20. Nf4 Ne5 21. Bf1 f5
22. Nd5 fxe4 23. fxe4 Qf7 24. Re2 Ne6 25. Qc3 Bc8 26. Kg1 Qg7 27. Rc1 Ng5 28.
Bg2 Bg4 29. Ree1 Rf7 30. Rf1 Ref8 31. Rxf7 Rxf7 32. Nf4 Bd7 33. h4 Ne6 34. Nxe6
Bxe6 35. Rf1 Rxf1+ 36. Kxf1 Qf7+ 37. Ke1 Bxc4 38. Nxc4 Qxc4 39. Qxc4+ Nxc4 40.
Bf1 Ne5 41. Be2 Kg7 42. Kd2 Kf6 43. Kc3 h6 44. Kd4 Ke6 45. Bd1 g5 46. hxg5 hxg5
47. Bb3+ Ke7 48. Bd1 Kd7 49. Be2 c6 50. bxc6+ Kxc6 51. a4 Kd7 52. Kd5 Ke7 53.
g4 Kd7 54. Bb5+ Ke7 55. Be2 Nd7 56. Kc6 Nc5 57. Kxb6 Nxa4+ 58. Kxa5 Nc5 59. Bf3
Ke6 60. Kb5 Ke5 61. Kc6 Nxe4 62. Bxe4 Kxe4 63. Kxd6 Kf4 64. Kd5 Kxg4 65. Ke4
Kg3 66. Ke3 g4 67. Ke2 Kg2 68. Ke1 g3 69. Ke2 Kh2 0-1

[Event "2022 Perth Chess Club Championship"]
[Site "Woodvale, Perth WA AUS"]
[Date "2022.04.27"]
[Round "3"]
[White "Hernandez Mendez, Iker"]
[Black "Howard, Mark"]
[Result "1-0"]
[WhiteElo "1785"]
[BlackElo "1473"]
[PlyCount "87"]
[EventDate "2022.04.13"]
[EventType "swiss"]
[EventRounds "7"]
[EventCountry "AUS"]

1. e4 e5 2. Nf3 Nc6 3. Bb5 a6 4. Bxc6 dxc6 5. O-O Bg4 6. h3 Bxf3 7. Qxf3 Nf6 8.
d3 Be7 9. Qg3 Qd6 10. Nd2 Nh5 11. Qg4 Qg6 12. Nc4 Bf6 13. Na5 Qxg4 14. hxg4 Nf4
15. Nxb7 Ne2+ 16. Kh2 Nxc1 17. Rfxc1 Rb8 18. Nc5 h5 19. gxh5 Rxh5+ 20. Kg1 Ke7
21. Nxa6 Rbh8 22. g3 Rh1+ 23. Kg2 R1h2+ 24. Kf3 g5 25. g4 R8h3+ 26. Ke2 Kf8 27.
Nxc7 Bd8 28. Na6 Bb6 29. Rf1 Rg2 30. b4 Rhh2 31. Nc5 Kg7 32. Kf3 f6 33. Rab1
Kf7 34. Rb3 Ke7 35. Ra3 Kd6 36. Ra8 Bxc5 37. bxc5+ Kxc5 38. c3 Kd6 39. a4 Kc7
40. Rf8 Kb6 41. Rxf6 Ka5 42. Rxc6 Kxa4 43. Rb6 Ka5 44. Rb8 1-0

[Event "2022 Perth Chess Club Championship"]
[Site "Woodvale, Perth WA AUS"]
[Date "2022.04.27"]
[Round "3"]
[White "Leech, Martin"]
[Black "Shaw, Robin"]
[Result "1-0"]
[WhiteElo "1430"]
[BlackElo "1744"]
[PlyCount "99"]
[EventDate "2022.04.13"]
[EventType "swiss"]
[EventRounds "7"]
[EventCountry "AUS"]

1. e4 g6 2. d4 Bg7 3. Nf3 d6 4. c4 Bg4 5. Be2 Nf6 6. Nc3 O-O 7. O-O c6 8. Be3
Qc7 9. Rc1 Rd8 10. h3 Bxf3 11. Bxf3 Nbd7 12. Qd2 e5 13. d5 Nb6 14. b3 c5 15. a4
a6 16. Bg5 Qe7 17. Ne2 Qf8 18. g3 h6 19. Be3 Nbd7 20. Kg2 Kh7 21. Rh1 Qe7 22.
g4 Rh8 23. Ng3 Rag8 24. h4 Bf8 25. g5 Ne8 26. gxh6 f5 27. Bg5 Qf7 28. exf5 gxf5
29. Bh5 Rg6 30. Bxg6+ Qxg6 31. Qc2 e4 32. f3 Nef6 33. fxe4 Nxe4 34. Nxe4 fxe4
35. Rhe1 Nf6 36. Kh3 Qf5+ 37. Kh2 Ng4+ 38. Kg1 Kg8 39. Rxe4 Nxh6 40. Rf1 Qd7
41. Bf6 Bg7 42. Qg2 Rh7 43. Rf3 Kh8 44. Bxg7+ Rxg7 45. Rg3 Nf5 46. Rxg7 Qxg7
47. Qxg7+ Kxg7 48. Rg4+ Kf6 49. h5 Nd4 50. h6 1-0

[Event "2022 Perth Chess Club Championship"]
[Site "Woodvale, Perth WA AUS"]
[Date "2022.04.27"]
[Round "3"]
[White "Clarke, Daniel"]
[Black "Massam, Justin"]
[Result "1-0"]
[WhiteElo "1739"]
[BlackElo "1424"]
[PlyCount "103"]
[EventDate "2022.04.13"]
[EventType "swiss"]
[EventRounds "7"]
[EventCountry "AUS"]

1. e4 e5 2. Nf3 Nc6 3. Bb5 d6 4. d4 exd4 5. Nxd4 Bd7 6. Nc3 Nf6 7. O-O Be7 8.
Re1 O-O 9. Be3 a6 10. Nxc6 Bxc6 11. Bxc6 bxc6 12. Qf3 Qd7 13. h3 Qe8 14. Ne2
Nd7 15. Bd4 Bf6 16. Bxf6 Nxf6 17. Nd4 c5 18. e5 dxe5 19. Nb3 e4 20. Qc3 Qc6 21.
Nxc5 Rfe8 22. Nxe4 Qxc3 23. Nxc3 g6 24. b3 Kg7 25. g4 g5 26. f3 h5 27. Kf2 h4
28. Ne4 Rad8 29. Nxf6 Kxf6 30. Rxe8 Rxe8 31. Rd1 Re7 32. Rd5 Re5 33. Rxe5 Kxe5
34. Ke3 c5 35. c3 a5 36. a3 Kd5 37. b4 cxb4 38. cxb4 a4 39. Kd3 f6 40. b5 Kc5
41. b6 Kxb6 42. Kc4 Ka5 43. Kc5 Ka6 44. Kb4 Kb6 45. Kxa4 Kc6 46. Kb4 Kb6 47.
Kc4 Kc6 48. Kd4 Kd6 49. Ke4 Ke6 50. a4 Kd7 51. Kf5 Ke7 52. a5 1-0

[Event "2022 Perth Chess Club Championship"]
[Site "Woodvale, Perth WA AUS"]
[Date "2022.04.27"]
[Round "3"]
[White "Michael, Ashley"]
[Black "Tomic, Nedeljko"]
[Result "0-1"]
[WhiteElo "1334"]
[BlackElo "1732"]
[PlyCount "78"]
[EventDate "2022.04.13"]
[EventType "swiss"]
[EventRounds "7"]
[EventCountry "AUS"]

1. e4 e5 2. Bc4 Nc6 3. Nf3 d6 4. d4 Be7 5. d5 Na5 6. Bd3 b6 7. b4 Nb7 8. Bb5+
Bd7 9. Bc6 Rb8 10. Qe2 a5 11. a3 Nf6 12. O-O axb4 13. axb4 Ra8 14. Bb2 Rxa1 15.
Bxa1 Qa8 16. Nc3 Bxc6 17. dxc6 Nd8 18. b5 Ne6 19. g3 O-O 20. Nd5 Bd8 21. Bb2
Nc5 22. Nd2 Qc8 23. f3 Nxd5 24. exd5 f5 25. Nb3 Nxb3 26. cxb3 Bf6 27. Ra1 Qe8
28. Ra7 Bd8 29. Qc4 Qg6 30. Bxe5 h5 31. Bf4 h4 32. Rb7 Re8 33. Rxb6 Qf6 34. Ra6
hxg3 35. hxg3 g5 36. b6 gxf4 37. b7 Qb2 38. Qf1 fxg3 39. Qg2 Re1+ 0-1

[Event "2022 Perth Chess Club Championship"]
[Site "Woodvale, Perth WA AUS"]
[Date "2022.04.27"]
[Round "3"]
[White "Gough, Dylan"]
[Black "Boswarva, Ernest"]
[Result "1/2-1/2"]
[WhiteElo "1670"]
[BlackElo "1423"]
[PlyCount "81"]
[EventDate "2022.04.13"]
[EventType "swiss"]
[EventRounds "7"]
[EventCountry "AUS"]

1. d4 d5 2. c4 c6 3. e3 Bf5 4. Nc3 e6 5. a3 Nd7 6. Nf3 h6 7. cxd5 cxd5 8. Bd3
Ngf6 9. Bxf5 exf5 10. O-O Be7 11. Qd3 O-O 12. Qxf5 g6 13. Qd3 Nb6 14. e4 dxe4
15. Nxe4 Kh7 16. Bf4 Nxe4 17. Qxe4 Nd5 18. Be3 Bf6 19. Rac1 Re8 20. Qd3 Re6 21.
Qd2 g5 22. Qd3+ Kg7 23. h3 Qe7 24. Rfe1 Re8 25. Bd2 Qd6 26. Qf5 Rxe1+ 27. Rxe1
Rxe1+ 28. Bxe1 Nf4 29. Bc3 Ne2+ 30. Kf1 Qa6 31. Ke1 Nxc3 32. bxc3 Qxa3 33. Qc2
Qa1+ 34. Ke2 a5 35. Kd2 a4 36. Qc1 Qa2+ 37. Qc2 Qc4 38. Kc1 a3 39. Nd2 Qe2 40.
Qe4 Qb5 41. Qb1 1/2-1/2

[Event "2022 Perth Chess Club Championship"]
[Site "Woodvale, Perth WA AUS"]
[Date "2022.04.27"]
[Round "3"]
[White "Gibson, Jacob"]
[Black "Hounsome, David"]
[Result "1-0"]
[WhiteElo "1620"]
[BlackElo "1378"]
[PlyCount "49"]
[EventDate "2022.04.13"]
[EventType "swiss"]
[EventRounds "7"]
[EventCountry "AUS"]

1. e4 e6 2. d4 d5 3. Nd2 dxe4 4. Nxe4 Nd7 5. Nf3 Ngf6 6. Bd3 Nxe4 7. Bxe4 c5 8.
Bg5 Be7 9. Bxe7 Qxe7 10. O-O cxd4 11. Qxd4 O-O 12. b4 Nf6 13. Bd3 Rd8 14. Qh4
Rd5 15. Bxh7+ Kf8 16. Bd3 Ng8 17. Qh8 f5 18. Bc4 Rd6 19. Nh4 Qf7 20. Rad1 Rxd1
21. Rxd1 Bd7 22. Rxd7 Qxd7 23. Ng6+ Kf7 24. Ne5+ Ke7 25. Qxg7+ 1-0

[Event "2022 Perth Chess Club Championship"]
[Site "Woodvale, Perth WA AUS"]
[Date "2022.04.27"]
[Round "3"]
[White "Hintz, Steven"]
[Black "Brooke, John"]
[Result "1-0"]
[WhiteElo "1558"]
[BlackElo "1291"]
[PlyCount "131"]
[EventDate "2022.04.13"]
[EventType "swiss"]
[EventRounds "7"]
[EventCountry "AUS"]

1. Nf3 d5 2. g3 Nc6 3. d4 Nf6 4. Bg2 Bf5 5. O-O h6 6. a3 e6 7. Nbd2 Bd6 8. b4
b5 9. Nb3 Qc8 10. Bb2 O-O 11. Re1 a6 12. Nfd2 Rb8 13. f3 e5 14. e4 dxe4 15.
fxe4 Bg4 16. Qc1 Be7 17. d5 Nd4 18. Nxd4 exd4 19. Bxd4 Rd8 20. Nb3 c6 21. dxc6
Be6 22. Bc5 Qc7 23. Bxe7 Qxe7 24. Nc5 Qa7 25. Kh1 Ne8 26. Nxe6 fxe6 27. e5 Qf7
28. c4 Nc7 29. cxb5 Nxb5 30. Qc5 Nc7 31. Rf1 Qh5 32. Rae1 Rdc8 33. Rd1 Rb5 34.
Qf2 Rxe5 35. Rfe1 Rf5 36. Qb6 Rb5 37. Qf2 Rf5 38. Qc2 Qf7 39. Rd2 Qf6 40. a4
Qg5 41. Rde2 Qg4 42. Be4 Rf6 43. Qc4 Kh8 44. b5 axb5 45. axb5 Na8 46. Bd3 Qf3+
47. Kg1 Nb6 48. Qe4 Qxe4 49. Rxe4 Rf3 50. Bc4 Nxc4 51. Rxc4 Rb3 52. Rc5 Kg8 53.
Rxe6 Rb2 54. c7 Kf7 55. Re1 Kf6 56. Rc6+ Kf7 57. b6 Kf8 58. Rd6 Kf7 59. Rd8
Rxd8 60. cxd8=Q g5 61. Re7+ Kg6 62. b7 g4 63. b8=Q Rxh2 64. Kxh2 Kh5 65. Qe5+
Kg6 66. Qg8# 1-0

[Event "2022 Perth Chess Club Championship"]
[Site "Woodvale, Perth WA AUS"]
[Date "2022.04.27"]
[Round "3"]
[White "De Vas, Senudi"]
[Black "Young, Manfred"]
[Result "1-0"]
[WhiteElo "993"]
[BlackElo "1127"]
[PlyCount "26"]
[EventDate "2022.04.13"]
[EventType "swiss"]
[EventRounds "7"]
[EventCountry "AUS"]

1. d4 d5 2. c4 dxc4 3. e3 b5 4. a4 c6 5. axb5 cxb5 6. Qf3 Qc7 7. Qxa8 Nc6 8. d5
Nb4 9. Rxa7 Qc5 10. Bd2 Nf6 11. Nc3 Nfxd5 12. Nxd5 Nxd5 13. Rb7 Nc7 1-0

[Event "2022 Perth Chess Club Championship"]
[Site "Woodvale, Perth WA AUS"]
[Date "2022.04.27"]
[Round "3"]
[White "Kwenda, Ridge"]
[Black "Walker, Colin"]
[Result "0-1"]
[WhiteElo "913"]
[BlackElo "1425"]
[PlyCount "78"]
[EventDate "2022.04.13"]
[EventType "swiss"]
[EventRounds "7"]
[EventCountry "AUS"]

1. d3 d5 2. b3 e5 3. g3 Nf6 4. Bg2 Be7 5. Bb2 Nc6 6. Nf3 Bd6 7. O-O O-O 8. c4
d4 9. Qd2 Ne7 10. Nh4 c6 11. a4 Nf5 12. Nxf5 Bxf5 13. b4 Bg6 14. b5 Rc8 15. Na3
e4 16. Bxd4 Bxa3 17. Bxf6 Qxf6 18. Rxa3 Rcd8 19. bxc6 Qxc6 20. Qe3 Qd6 21. Bxe4
Qxa3 22. Bxg6 hxg6 23. Qxa7 Qe7 24. Re1 Ra8 25. Qd4 Rxa4 26. e4 Ra3 27. e5 Rd8
28. Qf4 Raxd3 29. e6 f6 30. Kg2 R3d4 31. Qc1 R4d6 32. Qe3 Re8 33. Qa7 Qc7 34.
c5 Qc6+ 35. Kh3 Rdxe6 36. Rxe6 Qxe6+ 37. Kg2 Qc6+ 38. Kh3 Re5 39. Qa2+ Kh7 0-1

[Event "2022 Perth Chess Club Championship"]
[Site "Woodvale, Perth WA AUS"]
[Date "2022.04.27"]
[Round "3"]
[White "Van Burgel, Bradley"]
[Black "Markou, Victor"]
[Result "1-0"]
[WhiteElo "1723"]
[BlackElo "1108"]
[PlyCount "63"]
[EventDate "2022.04.13"]
[EventType "swiss"]
[EventRounds "7"]
[EventCountry "AUS"]

1. d4 d5 2. Nf3 Nf6 3. e3 g6 4. Be2 Bg7 5. O-O O-O 6. c4 c6 7. Nc3 Nbd7 8. Qc2
Nb6 9. c5 Nbd7 10. b4 b6 11. cxb6 Nxb6 12. Na4 Bd7 13. Ne5 Nxa4 14. Qxa4 c5 15.
Nxd7 Nxd7 16. bxc5 e5 17. Rb1 exd4 18. exd4 Qe8 19. Bb5 Rd8 20. Bb2 a6 21. Qxa6
Qe6 22. Qxe6 fxe6 23. Rfe1 Rfe8 24. c6 Nb6 25. c7 Rc8 26. Bxe8 Rxe8 27. Bc3 Nc8
28. Rb8 Bf8 29. Bb4 Bg7 30. Rxe6 Rf8 31. Bxf8 Bxf8 32. Rxc8 1-0